000
00301nam a22001337a 4500
008
181218b xxu||||| |||| 00| 0 eng d
020
_a
0316690449
041
_a
eng
080
_a
610
100
_a
4
101
_a
SHM
245
_a
Doing Right. Everyday Medical Ethics
_c
Papper, S
942
_2
udc
_c
BK
999
_c
53385
_d
53385